| 000 | 01226naa a22003257a 4500 | ||
|---|---|---|---|
| 001 | BR7405867 | ||
| 003 | BR-BrBNA | ||
| 005 | 20240918173646.0 | ||
| 007 | ta | ||
| 008 | 230509b bl.||||| |||| 00| 0 por d | ||
| 040 |
_aBR-BrBNA _bpor _cBiblioteca Nacional de Agricultura |
||
| 041 | _a(Pt) | ||
| 072 |
_aF22 _b3830 _bG514 |
||
| 090 | _aF22 BR7405867 | ||
| 100 | 1 | _aMorelli, M. | |
| 111 | 1 |
_a14. Congresso Brasileiro de Ciencia do Solo _cSanta Maria, RS (Brazil) _d16 Jul 1973 |
|
| 245 | 1 | _aFatores que influem na retencao e disponibilidade de fosforo em algumas unidades de solo do Rio Grande do Sul [Adsorcao; Capacidade de troca; Cation; Brasil] | |
| 260 | 3 |
_aRio de Janeiro, GB (Brasil): _c1974. |
|
| 500 | _aAnais do 14. Congresso Brasileiro de Ciencia do Solo Rio de Janeiro, GB (Brasil): 1974. p. 191-205 (BR7405867-AM)F22 | ||
| 650 | _aFOSFORO | ||
| 650 | _aADSORCAO | ||
| 650 | _aANALISE QUIMICA | ||
| 650 | _aSOLO | ||
| 650 | _aCAPACIDADE DE TROCA | ||
| 650 | _aCATION | ||
| 650 | _aDISPONIBILIDADE | ||
| 773 | 0 |
_tAnais do 14. Congresso Brasileiro de Ciencia do Solo _wF22 BR7405867 _gRio de Janeiro, GB (Brasil), 1974. p. 191-205 |
|
| 909 |
_a202404 _bLucia _c55 _dLucia Elande |
||
| 942 |
_cAM _2AGRIS |
||
| 999 |
_c306032 _d306032 |
||